Villes mondiales finissant par H - Statistiques

Statistiques générales
  • Ce quiz a été pris 67 fois
    37 depuis la dernière actualisation
  • Le résultat moyen est 11 sur 20
Statistiques - réponses
Question Ville % Correct
Capitale du pays ayant un cèdre sur son drapeau Beyrouth
88%
Ville la plus touristique du Maroc Marrakech
88%
Elle organise l'Oktoberfest chaque année à l'automne Munich
88%
Capitale du Cambodge Phnom Penh
88%
Un autre nom pour Khéops pour une pyramide Gizeh
79%
Ville de 2 millions d'habitants dans le Sud Ouest australien Perth
79%
La plus grande ville de Suisse par population Zurich
79%
Préfecture du Gers Auch
71%
Ville anglaise entre Bournemouth et Falmouth avec la même terminaison Plymouth
63%
Ville du comté de Somerset qui peut se traduire par "bain" Bath
54%
De Facto si ce n'est pas Jérusalem-Est Ramallah
50%
Ville égyptienne dans le désert du Sinaï, il s'agit de Charm-el Cheikh
46%
L'un des villes très peuplées de la Nouvelle-Zélande avec Wellington et Auckland Christchurch
46%
En Moselle, cette ville se situe a quelque kilomètres de la frontière allemande Forbach
46%
Capitale de la Caroline du Nord Raleigh
46%
Une grande ville du Texas Fort Worth
33%
Ville des USA dont le nom contient plage en anglais (pop + 400 000 habs) Long Beach / Virginia Beach
29%
Village sud finistérien qui est connu pour sa pointe Penmarc'h
25%
L'une des villes les plus australes du continent africain Port Elizabeth
25%
Ville de Belgique en 3 lettres Ath
21%
Aucun quiz correspondant
Distribution des résultats
% des personnes avec chaque résultat
Percentile par nombre de réponses
Votre historique - résultats
Vous n’avez pas pris ce quiz depuis la dernière actualisation